000 00513cam a2200193 4500
001 D55
008 090401t1914 xxu||||| |||| 00| 0 eng d
035 _a(Sirsi) u34113
041 _aeng
050 _a333.1
100 _aAdeane, C.
245 4 _aThe land retort; a study of the land question with an answer to the report of the secret enquiry committee
260 _aLondon
_bJohn Murray
_c1914
300 _axx, 153p. 21cm
350 _a0
700 _aSavill, Edwin
942 _n0
948 _c04/03/1997
999 _c89906
_d89906